000 00687nam a2200205Ia 4500
003 GCL
008 140319s9999 xx 000 0 ara d
040 _aGCL /
_cGCL
082 0 4 _a219.1
_bس م
100 1 _aمحمد سيد فهمى
245 1 0 _aمدخل الى الرعاية الاجتماعية من منظور اسلامى /
_cمحمد سيد فهمى
260 _a[S.N] :
_bالمكتب الجامعى الحديث ،
_c1988
300 _a210 ص
490 _a
650 0 4 _aالاسلام
650 0 4 _aالاسلام والمجتمع
650 0 4 _aالاسلام والاصلاح الاجتماعى
650 0 4 _aالرعاية الاجتماعية
942 _2ddc
_cBK
999 _c32089
_d32089